000 00660nam a2200169Ia 4500
008 180921t2020 xxu||||| |||| 00| 0 sin d
041 _asin
080 _a82-1
_bවිජේසි
100 _aවිජේසිරිවර්ධන, සුනිල්
245 _aගිම්හානේ යන්න ගිහින් : රජතමය යුගයේ රුසියන් කාව්‍යය
246 _aGimhane yanna gihin: rajathamaya yugaye rusiyan kawyaya
260 _bවිදර්ශන
_aදෙහිවල
_c2020
300 _bපි.333, සෙ.මී.18
942 _cBK
999 _c7049
_d7049
003 LK-CoDNM
040 _aLK-CoDNM
_dLK-CoDNM
_eLK-CoDNM